000 01189nam0a22002651 4500
001 v19\rc\2003037
005 20260406095622.0
035 _a(NLR Aleph) 005078414
090 _a7170288
_c7170288
100 _a20080811d1915 u y0rusy50 ca
101 0 _arus
102 _aRU
105 _ay z |||||
200 1 _aИстория земских соборов
_eКурс сост. студ. Н.Д. Сокольским по записям лекций, чит. проф. И.П. Козловским историкам 2, 3 и 4 курсов Имп. Варш. ун-та в 1915-16 ак. г., и по пособиям
210 _aРостов-на-Дону
_cлит. Тер-Абрамиан
_d1915
215 _a48, 32 с.
309 _aНапеч. на пиш. маш. Литогр.
316 _aЭкз. РНБ (37.63.2.9): деф.: отсутствует конец
_5NLR: 37.63.2.9
700 1 _4220
_7ca
_8rus
_aКозловский
_bИ. П.
_f1870-1943
_gИван Павлович
_3RU\NLR\AUTH\770288028
_92690947
702 1 _aСокольский
_bН.Д.
_4220
801 0 _aRU
_bNLR
_gpsbo
801 1 _aRU
_bProSoft-M
_2rusmarc
852 _aNLR
_j37.63.2.9
942 _cBOOK
980 _aNB